Catalog

Record Details

Catalog Search



The leopard  Cover Image Book Book

The leopard / Jo Nesbø ; translated from the Norwegian by Don Bartlett.

Nesbø, Jo, 1960- (Author). Bartlett, Don. (Added Author).

Summary:

After two young women are found dead, both drowned in their own blood, Inspector Harry Hole is compelled to return to Norway to see his dying father and to investigate the brutal crime, which may be the work of a serial killer.

Record details

  • ISBN: 9780307743183
  • ISBN: 0307743187
  • Physical Description: [676] pages ; 21 cm
  • Edition: 1st Vintage Crime/Black Lizard ed.
  • Publisher: New York : Vintage Crime/Black Lizard, 2012.

Content descriptions

General Note:
"An Inspector Harry Hole novel"--Cover.
Subject: Hole, Harry (Fictitious character) > Fiction.
Police > Norway > Oslo > Fiction.
Women > Crimes against > Fiction.
Oslo (Norway) > Fiction.
Genre: Mystery fiction.

LDR 01565nam a2200397Ma 4500
001142861
003CONS
00520170301080635.0
008120705r20122011nyu 000 1 eng d
010 . ‡a 2012450035
020 . ‡a9780307743183 ‡q(paperback)
020 . ‡a0307743187 ‡q(paperback)
035 . ‡a(CPomAG)LMN598384
0411 . ‡aeng ‡hnor
043 . ‡ae-no---
05000. ‡aPT8951.24.E83 ‡bP3613 2012b
08200. ‡a839.82/38 ‡223
1001 . ‡aNesbø, Jo, ‡d1960-
24514. ‡aThe leopard / ‡cJo Nesbø ; translated from the Norwegian by Don Bartlett.
250 . ‡a1st Vintage Crime/Black Lizard ed.
260 . ‡aNew York : ‡bVintage Crime/Black Lizard, ‡c2012.
300 . ‡a[676] pages ; ‡c21 cm
336 . ‡atext ‡btxt ‡2rdacontent
337 . ‡aunmediated ‡bn ‡2rdamedia
338 . ‡avolume ‡bnc ‡2rdacarrier
500 . ‡a"An Inspector Harry Hole novel"--Cover.
520 . ‡aAfter two young women are found dead, both drowned in their own blood, Inspector Harry Hole is compelled to return to Norway to see his dying father and to investigate the brutal crime, which may be the work of a serial killer.
650 0. ‡aHole, Harry (Fictitious character) ‡vFiction.
650 0. ‡aPolice ‡zNorway ‡zOslo ‡vFiction.
650 0. ‡aWomen ‡xCrimes against ‡vFiction.
651 0. ‡aOslo (Norway) ‡vFiction.
655 7. ‡aMystery fiction. ‡2gsafd
7001 . ‡aBartlett, Don.
74010. ‡aPanserhjerte. ‡lEnglish
959 . ‡i32269001003329 ‡lF Nes ‡aAdult - Fiction ‡tFiction ‡g16.00
852 . ‡p32269001003329 ‡jF Nes ‡gAdult - Fiction ‡cFiction ‡y16.00 ‡bSBPL
901 . ‡a142861 ‡bUnknown ‡c142861 ‡tbiblio

Additional Resources